Epic Pixel Battle (tous) - Statistiques

Statistiques générales
  • Ce quiz a été pris 36 fois
  • Le résultat moyen est 21 sur 34
Statistiques - réponses
Sortie Réponse % Correct
15/07/2014 Mario vs Mickey
97%
01/09/2015 Mario vs Mickey (Remaster)
97%
19/07/2019 Peach vs Zelda
97%
14/01/2017 Link vs Peter Pan
93%
13/11/2014 Bowser vs Ganondorf
90%
13/08/2014 Kirby vs Rondoudou
87%
30/10/2017 Kirby vs Rondoudou (Remaster)
87%
26/10/2018 Yandere Chan vs Monika
80%
28/06/2016 Sonic vs Rainbow Dash
77%
03/02/2016 Lara Croft vs Dora l'Exploratrice
73%
13/10/2014 L vs Layton
73%
06/03/2017 Mettaton vs Bayonetta
70%
13/09/2014 Samus vs Megaman
70%
17/03/2018 All Might vs Koro Sensei
63%
25/12/2015 Sacha vs Yugi
63%
30/06/2015 GLaDOS vs X.A.N.A.
60%
21/05/2016 Saitama vs Superman
60%
26/05/2017 Détective Conan vs Inspecteur Gadget
57%
16/04/2015 Rayman vs Crash Bandicoot
57%
19/09/2017 Supers Nanas vs Totally Spies
57%
25/07/2022 Team Rocket vs Les Dalton
57%
28/09/2016 Zorro vs Zoro
57%
21/12/2014 Elsa vs Jack Frost
53%
23/11/2022 Spider-Man VS Ladybug
53%
26/11/2019 Dio vs Dracula
47%
26/08/2016 Dr. Mario vs Wii Fit Trainer
47%
01/04/2019 La Lune vs Le Soleil
47%
31/03/2021 Phoenix Wright vs Saul Goodman
47%
18/12/2020 Ruby Rose vs Maka Albarn
43%
28/06/2018 Le Visiteur du Futur vs Les Visiteurs
40%
13/03/2015 Mewtwo vs Freezer
40%
21/12/2019 Seiya vs Saga
40%
18/10/2021 Marie vs Retsuko
37%
20/08/2021 Le conseil des 4 (Remaster)
30%
Aucun quiz correspondant
Distribution des résultats
% des personnes avec chaque résultat
Percentile par nombre de réponses
Votre historique - résultats
Vous n’avez pas pris ce quiz